000 00592nam a22002297a 4500
003 UA-OsUOA
001 28597
007 ta
008 20050412b un ||||| |||| 00| 0 ukr d
090 _a94(47+57)(032)
_bП27
942 _cBK
040 _aUA-OsUOA
_brus
_cUA-OsUOA
_dUA-OsUOA
245 _aПереписка с Ф. Рузвельтом И Г. Трумэном (авг. 1941 г.- дек. 1945 г.)
300 _a320 с.
_bІлюстрації
955 _a0
041 _arus
080 _a94(47+57)(032)
260 _c1989
044 _aRU
650 7 _2UDC
999 _c314966
_d314966